Marusja (uryvok)

Bibliographic Details
Main Author: Vovčok, Marko, 1833-1907 (Author)
Format: Article
Language:Ukrainian
Subjects:

MARC

LEADER 00000nab a2200000 4500
001 vtls012235790
003 SK-MaSNL
005 20260309144739.0
008 230727c2023 xo zr|p || ||00 c0ukr
015 |a SNBRB2023/07 
038 |a SVKPOCL 
040 |a SVKPOCL  |b slo  |c SVKPOCL  |e rda 
041 0 |a ukr 
043 |a e-ru---  |a e-un--- 
044 |a xo  |c SK 
072 7 |a 821.161  |x Východoslovanské literatúry  |2 konspekt 
080 |a 821.161.2-3  |2 2011 
080 |a 821.161.2-32  |2 2011 
080 |a (477)  |2 2011 
100 1 |a Vovčok, Marko,  |d 1833-1907  |4 aut  |9 644427 
245 1 0 |a Marusja  |b (uryvok)  |c Marko Vovčok 
336 |a text  |b txt  |2 rdacontent 
337 |a bez média  |b n  |2 rdamedia 
338 |a zväzok  |b nc  |2 rdacarrier 
650 0 7 |a ukrajinské novely  |2 SNKPH  |9 182833 
650 0 7 |a ukrajinská próza  |2 SNKPH  |9 82745 
651 7 |a historické novely  |2 svkpocl  |9 1632718 
773 0 |t Veselka  |g Roč. 71, č. 5 (2022/2023), s. 10 
852 |a SVKPO  |b KIS3GCP 
958 |a SS 
958 |a LX 
958 |a NM 
958 |a UA 
999 |c 3365039  |d 3366969